Modeling our world : (Record no. 33829)
[ view plain ]
| 000 -LEADER | |
|---|---|
| fixed length control field | 01265cam a22003377a 4500 |
| 001 - CONTROL NUMBER | |
| control field | 13714091 |
| 003 - CONTROL NUMBER IDENTIFIER | |
| control field | OSt |
| 005 - DATE AND TIME OF LATEST TRANSACTION | |
| control field | 20220329115605.0 |
| 008 - FIXED-LENGTH DATA ELEMENTS--GENERAL INFORMATION | |
| fixed length control field | 040909s1999 caua 001 0 eng d |
| 010 ## - LIBRARY OF CONGRESS CONTROL NUMBER | |
| LC control number | 2004400243 |
| 020 ## - INTERNATIONAL STANDARD BOOK NUMBER | |
| International Standard Book Number | 1879102625 (pbk.) |
| 035 ## - SYSTEM CONTROL NUMBER | |
| System control number | (DLC)13714091 |
| 040 ## - CATALOGING SOURCE | |
| Original cataloging agency | WAU |
| Transcribing agency | HU |
| Modifying agency | CtY |
| -- | DLC |
| 042 ## - AUTHENTICATION CODE | |
| Authentication code | lccopycat |
| 050 00 - LIBRARY OF CONGRESS CALL NUMBER | |
| Classification number | G70.212 |
| Item number | .Z45 1999 |
| 082 ## - DEWEY DECIMAL CLASSIFICATION NUMBER | |
| Classification number | 910.285/574 ZEI 2010 |
| 100 1# - MAIN ENTRY--PERSONAL NAME | |
| Personal name | Zeiler, Michael. |
| 9 (RLIN) | 34431 |
| 245 10 - TITLE STATEMENT | |
| Title | Modeling our world : |
| Remainder of title | the ESRI guide to geodatabase design / |
| Statement of responsibility, etc. | Michael Zeiler. |
| 260 ## - PUBLICATION, DISTRIBUTION, ETC. | |
| Place of publication, distribution, etc. | Redlands, CA : |
| Name of publisher, distributor, etc. | ESRI Press, |
| Date of publication, distribution, etc. | c1999. |
| 300 ## - PHYSICAL DESCRIPTION | |
| Extent | vi, 199 p. : |
| Other physical details | col. ill. ; |
| Dimensions | 23 cm. |
| 500 ## - GENERAL NOTE | |
| General note | Includes index. |
| 630 00 - SUBJECT ADDED ENTRY--UNIFORM TITLE | |
| Uniform title | ARC/INFO. |
| 9 (RLIN) | 34432 |
| 650 #0 - SUBJECT ADDED ENTRY--TOPICAL TERM | |
| Topical term or geographic name entry element | Geographic information systems. |
| 9 (RLIN) | 6468 |
| 650 #0 - SUBJECT ADDED ENTRY--TOPICAL TERM | |
| Topical term or geographic name entry element | Digital mapping. |
| 9 (RLIN) | 11871 |
| 710 2# - ADDED ENTRY--CORPORATE NAME | |
| Corporate name or jurisdiction name as entry element | Environmental Systems Research Institute (Redlands, Calif.) |
| 9 (RLIN) | 23246 |
| 856 42 - ELECTRONIC LOCATION AND ACCESS | |
| Materials specified | Publisher description |
| Uniform Resource Identifier | <a href="http://www.loc.gov/catdir/enhancements/fy0716/2004400243-d.html">http://www.loc.gov/catdir/enhancements/fy0716/2004400243-d.html</a> |
| 906 ## - LOCAL DATA ELEMENT F, LDF (RLIN) | |
| a | 7 |
| b | cbc |
| c | copycat |
| d | 2 |
| e | ncip |
| f | 20 |
| g | y-gencatlg |
| 942 ## - ADDED ENTRY ELEMENTS (KOHA) | |
| Source of classification or shelving scheme | Dewey Decimal Classification |
| Koha item type | Books like text book referance book |
| Suppress in OPAC | No |
| Withdrawn status | Lost status | Source of classification or shelving scheme | Damaged status | Not for loan | Home library | Current library | Date acquired | Total Checkouts | Full call number | Barcode | Date last seen | Copy number | Price effective from | Koha item type |
|---|---|---|---|---|---|---|---|---|---|---|---|---|---|---|
| Dewey Decimal Classification | Wondo Genet Library | Wondo Genet Library | 03/29/2022 | 910.285/574 ZEI 2010 | WGCFNRL00014954 | 03/29/2022 | 1 | 03/29/2022 | Books like text book referance book |